|
|
|
|
| LEADER |
00000cam a2200000 i 4500 |
| 001 |
1/90098 |
| 008 |
080628s1977 gre d |
| 035 |
|
|
|l 10098546
|
| 040 |
|
|
|a GR-MY-UA
|b gre
|e aacr
|
| 041 |
0 |
|
|a gre
|
| 082 |
0 |
|
|a 305.235
|2 (22)
|
| 100 |
1 |
|
|a Κασιώλας, Ευθύμιος.
|
| 245 |
1 |
0 |
|a Συμβολή στη μελέτη της εφηβικής ηλικίας :
|b (τα δεδομένα μιας έρευνας) /
|c Ευθυμίου Αν. Κασιώλα
|
| 260 |
|
|
|a Αθήνα :
|b [χ.ό.],
|c 1977
|
| 300 |
|
|
|a 259 σ.;
|c 24 εκ.
|
| 650 |
0 |
0 |
|a Youth
|x Research.
|
| 650 |
0 |
0 |
|a Adolescent analysis
|x Case studies.
|
| 650 |
0 |
0 |
|a Educational psychology.
|
| 650 |
0 |
0 |
|a Learning, Psychology of.
|
| 852 |
|
|
|a INST
|b RHODES
|c AKA
|e 20080628
|h 305.235 ΚΑΣ
|p 005400027840
|q 005400027840
|t BK
|y 0
|
| 901 |
|
|
|a BIBL4-2008-2
|
| 909 |
|
|
|a Ρ
|b 150706
|
| 970 |
|
|
|a ΚΟΖΑ
|b ΜΑΡΙΑ
|z 2008/06/28
|